Títulos de Santa Fe - Estadísticas

Estadísticas generales
  • Esta prueba ha sido intentada 9 veces
  • La puntuación promedio es 15 de 18
Estadísticas de respuestas
Hint Respuesta % Correcto
SuperLiga 2021
100%
Liga 2025
100%
Liga 1960
86%
Liga 1966
86%
Liga 1971
86%
Liga 1975
86%
Copa 1989
86%
Copa 2009
86%
Liga 2012
86%
SuperLiga 2013
86%
Liga 2014
86%
SuperLiga 2015
86%
Copa Sudamericana 2015
86%
Copa Surugabank 2016
86%
Liga 2016
86%
SuperLiga 2017
86%
Liga 1948
71%
Liga 1958
71%
No se encontraron pruebas coincidentes
Distribución de puntuación
Porcentaje de gente con cada puntuación
Porcentaje por número respondido
Historial de tus puntuaciones
No has intentado esta prueba.